00733nam a22002177a 4500003000500000005001700005008004100022010001000063011001000073035001000083040000900093082001600102100002900118245011800147260007500265300001900340650005100359650003900410650002200449650004400471CHAP20220817041739.0971013s1993 r 00010 d a23225 a24197 a28296 cCHAP a333.72bH4200aHeatwole, Conrad D.eed. aApplication of advanced information technologiesb: effective management of natural resources : proceedings of... aSt. Joseph, Mich. :bAmerican Society of Agricultural Engineers,c1993 a500 p.b: ilus14aRecursos naturalesxSistemas de información.14aRecursos naturalesxUtilización.14aSensores remotos.14aSistemas de Información Geográfica.